000 00857nas a2200301 4500
001 BR2011001922
003 BR-BrBNA
005 20231205114921.0
007 ta
008 230509b bl.|||p| |||| 00| 00por d
040 _aBR-BrBNA
_bpor
_cBiblioteca Nacional de Agricultura
041 _a(Pt)
072 _aF01
100 1 _aLima, C.S.M.
100 1 _aGonçalves, M.A.
100 1 _aTomaz, Z.F.P.
100 1 _aRufato, A.D.R.
100 1 _aFachinello, J.C.
245 1 _aSistemas de tutoramento e épocas de transplante de physalis
650 _aCAMAPU
650 _aFRUTA TROPICAL
650 _aCRESCIMENTO
650 _aRENDIMENTO
650 _aTUTORAMENTO
773 0 _tCiência Rural (Brazil)
_xISSN 0103-8478
_g(Dec 2010), v. 40(12) p. 2472-2479
_wBR2011001922
909 _a202311
_bLúcia
_c55
_dLúcia Elande
942 _2AGRIS
_n0
_cANA
999 _c211207
_d211207